000
00335nam a2200121Ia 4500
008
151001s9999||||xx |||||||||||||| ||und||
100
_a
A. P. Karmarkrs
245
_a
Mystic Teachings of the Haridas of karnatak
260
_b
Dr.K.S.kamalapul
260
_c
1939
300
_a
130
365
_b
9
999
_c
950061
_d
950058